000 00543nam a22001817a 4500
005 20251108164110.0
008 250721s1991 xx 000 0 ara d
082 1 4 _a217,3/زيد
100 1 _aأبو زيد، نصر حامد
245 1 0 _aالإمام الشافعي و تأسيس الإيديولوجية الوسطية /
264 1 _aالقاهرة :
_bسينا للنشر،
_c1991.
300 _a110ص
650 1 7 _aالإسلام
650 1 7 _aالفقه
650 1 7 _aالفقه الشافعي
942 _2ddc
_cBK
999 _c3579
_d3579